000 01853nam a22004457a 4500
003 DO-SdBNP
005 20250715092837.0
007 ta
008 210820e2009 dr a|||ere||| 000 0 spa d
020 _a9289945443509
040 _aDO-SdBNP
_bspa
_cBNPHU
041 _hspa
082 _bR426p, 2009
110 2 _aBanco Central de la República Dominicana
_983405
_bBanco Central
245 1 2 _aPinacoteca 2009:
_bColección de obras de artes /
_cMarianne de Tolentino, Danilo de los Santos, Vladimir Velásquez, textos; Héctor Valdez Albizu, editor; Onorio Montás, [et al.], fotografías
246 1 5 _aPinacoteca Banco Central de la República Dominicana.
250 _a2da. ed.
260 _aSanto Domingo :
_bBanco Central de la República Dominicana,
_c2009
300 _a350 p.:
_bil., fotogr.;
_c29 cm
490 _aCol. Banco Central de la República Dominicana;
_v128
490 _aSerie Arte y Literatura;
_v52
500 _aIncluye índices.
590 _aInventariado 2021 / MF
700 1 2 _aTolentino, Marianne de,
_973333
_d1951-
700 1 2 _aSantos, Danilo de los,
_d1943-2018
_910278
700 1 _aVelázquez, Vladimir
_955175
700 1 _aValdez Albizu, Héctor,
_d1947-
_eeditor
_912322
700 1 _aMontás, Onorio,
_efotografía
_959042
700 1 _959875
_aHernández, Mariano
_efotografía
700 2 _969596
_aManosalvas, Francisco
_efotografía
700 2 _969597
_aCalzada, Fernando
_efotografía
700 2 _969598
_aStéfano, Tiziano de
_efotografía
700 2 _975973
_aBriones, Ricardo,
_d1958-
700 2 _969599
_aPena Manso, Luis
_efotografía
700 2 _936995
_aNova, Luis
_efotografía
710 2 _aBanco Central de la República Dominicana
_983405
830 _aBanco Central de la República Dominicana;
_lspa.
_n128
_979514
830 _aArte y Literatura;
_lspa
_n52
_979515
942 _2ddc
_cLBS1
999 _c50234
_d50234